| 000 | 00770nam a2200193Ia 4500 | ||
|---|---|---|---|
| 003 | GCL | ||
| 008 | 140319s9999 xx 000 0 ara d | ||
| 040 |
_aGCL / _cGCL |
||
| 082 | 0 | 4 |
_aق _b727 _bم م |
| 100 | 1 | _aالمجلس الاعلى للاثار | |
| 245 | 1 | 0 |
_aمدرسة وخانقاة الامير صرغتمش : _bشارع الخضيرى - السيدة زينب اثر رقم (218) (757 هـ - 1356 م ) / _cالمجلس الاعلى للاثار |
| 700 | 1 | _aزاهى حواس | |
| 260 |
_aالقاهرة : _bالمجلس الاعلى للاثار ، _c0 |
||
| 300 |
_a ؛ _c27 سم |
||
| 650 | 0 | 4 | _aمصر - الاثار الاسلامية |
| 650 | 0 | 4 | _aالمدارس - عمارة |
| 650 | 0 | 4 | _aالمدارس - مبانى - ترميم |
| 942 |
_2ddc _cBK |
||
| 999 |
_c57698 _d57698 |
||